<?xml version="1.0" encoding="UTF-8"?>
<record
    xmlns:xsi="http://www.w3.org/2001/XMLSchema-instance"
    xsi:schemaLocation="http://www.loc.gov/MARC21/slim http://www.loc.gov/standards/marcxml/schema/MARC21slim.xsd"
    xmlns="http://www.loc.gov/MARC21/slim">

  <leader>00466cam a2200169 a 4500</leader>
  <datafield tag="020" ind1=" " ind2=" ">
    <subfield code="a">9780198063346</subfield>
  </datafield>
  <datafield tag="082" ind1="0" ind2="0">
    <subfield code="a">541.3 ATK</subfield>
  </datafield>
  <datafield tag="100" ind1="1" ind2=" ">
    <subfield code="a">Atkins, P. W.</subfield>
  </datafield>
  <datafield tag="245" ind1="1" ind2="0">
    <subfield code="a">Elements of physical chemistry / 5ed</subfield>
  </datafield>
  <datafield tag="250" ind1=" " ind2=" ">
    <subfield code="a">5th ed.</subfield>
  </datafield>
  <datafield tag="260" ind1=" " ind2=" ">
    <subfield code="a">New York :</subfield>
    <subfield code="b">W.H. Freeman :</subfield>
    <subfield code="b">Oxford University Press,</subfield>
    <subfield code="c">c2005.</subfield>
  </datafield>
  <datafield tag="300" ind1=" " ind2=" ">
    <subfield code="a">xix, 627 p. :</subfield>
    <subfield code="b">ill. ;</subfield>
  </datafield>
  <datafield tag="500" ind1=" " ind2=" ">
    <subfield code="a">Includes index.</subfield>
  </datafield>
  <datafield tag="650" ind1=" " ind2="0">
    <subfield code="a">Chemistry, Physical and theoretical.</subfield>
  </datafield>
  <datafield tag="700" ind1="1" ind2=" ">
    <subfield code="a">De Paula, Julio.</subfield>
  </datafield>
  <datafield tag="942" ind1=" " ind2=" ">
    <subfield code="c">BK</subfield>
  </datafield>
  <datafield tag="999" ind1=" " ind2=" ">
    <subfield code="c">681</subfield>
    <subfield code="d">681</subfield>
  </datafield>
  <datafield tag="952" ind1=" " ind2=" ">
    <subfield code="0">1</subfield>
    <subfield code="1">0</subfield>
    <subfield code="7">0</subfield>
    <subfield code="8">NFIC</subfield>
    <subfield code="a">IC</subfield>
    <subfield code="b">IC</subfield>
    <subfield code="c">GEN</subfield>
    <subfield code="d">2015-05-23</subfield>
    <subfield code="g">2900.00</subfield>
    <subfield code="l">0</subfield>
    <subfield code="o">541.3 ATK</subfield>
    <subfield code="p">006720</subfield>
    <subfield code="r">2015-05-23 00:00:00</subfield>
    <subfield code="w">2015-05-23</subfield>
    <subfield code="y">REF</subfield>
  </datafield>
  <datafield tag="952" ind1=" " ind2=" ">
    <subfield code="0">0</subfield>
    <subfield code="1">0</subfield>
    <subfield code="7">0</subfield>
    <subfield code="8">NFIC</subfield>
    <subfield code="a">MLCampus</subfield>
    <subfield code="b">IC</subfield>
    <subfield code="c">GEN</subfield>
    <subfield code="d">2015-05-23</subfield>
    <subfield code="g">2900.00</subfield>
    <subfield code="l">24</subfield>
    <subfield code="o">541.3 ATK</subfield>
    <subfield code="p">006721</subfield>
    <subfield code="r">2026-05-19 03:26:25</subfield>
    <subfield code="s">2026-05-06</subfield>
    <subfield code="w">2015-05-23</subfield>
    <subfield code="y">BK</subfield>
  </datafield>
  <datafield tag="952" ind1=" " ind2=" ">
    <subfield code="0">0</subfield>
    <subfield code="1">0</subfield>
    <subfield code="7">0</subfield>
    <subfield code="8">NFIC</subfield>
    <subfield code="a">MLCampus</subfield>
    <subfield code="b">MLCampus</subfield>
    <subfield code="c">GEN</subfield>
    <subfield code="d">2015-05-23</subfield>
    <subfield code="g">2900.00</subfield>
    <subfield code="l">19</subfield>
    <subfield code="o">541.3 ATK</subfield>
    <subfield code="p">006373</subfield>
    <subfield code="r">2026-03-22 12:48:53</subfield>
    <subfield code="s">2026-03-04</subfield>
    <subfield code="w">2015-05-23</subfield>
    <subfield code="y">BK</subfield>
  </datafield>
  <datafield tag="952" ind1=" " ind2=" ">
    <subfield code="0">0</subfield>
    <subfield code="1">0</subfield>
    <subfield code="7">0</subfield>
    <subfield code="8">NFIC</subfield>
    <subfield code="a">IC</subfield>
    <subfield code="b">IC</subfield>
    <subfield code="c">GEN</subfield>
    <subfield code="d">2015-05-23</subfield>
    <subfield code="g">2900.00</subfield>
    <subfield code="l">22</subfield>
    <subfield code="m">2</subfield>
    <subfield code="o">541.3 ATK</subfield>
    <subfield code="p">006890</subfield>
    <subfield code="r">2025-02-01 11:07:37</subfield>
    <subfield code="s">2025-01-22</subfield>
    <subfield code="w">2015-05-23</subfield>
    <subfield code="y">BK</subfield>
  </datafield>
  <datafield tag="952" ind1=" " ind2=" ">
    <subfield code="0">0</subfield>
    <subfield code="1">0</subfield>
    <subfield code="7">0</subfield>
    <subfield code="8">NFIC</subfield>
    <subfield code="a">IC</subfield>
    <subfield code="b">IC</subfield>
    <subfield code="c">GEN</subfield>
    <subfield code="d">2015-05-23</subfield>
    <subfield code="g">2900.00</subfield>
    <subfield code="l">3</subfield>
    <subfield code="o">541.3 ATK</subfield>
    <subfield code="p">006374</subfield>
    <subfield code="r">2023-09-30 09:43:02</subfield>
    <subfield code="s">2023-09-30</subfield>
    <subfield code="y">SBK</subfield>
  </datafield>
  <datafield tag="952" ind1=" " ind2=" ">
    <subfield code="0">0</subfield>
    <subfield code="1">0</subfield>
    <subfield code="7">0</subfield>
    <subfield code="8">NFIC</subfield>
    <subfield code="a">IC</subfield>
    <subfield code="b">MLCampus</subfield>
    <subfield code="c">GEN</subfield>
    <subfield code="d">2015-05-23</subfield>
    <subfield code="g">2900.00</subfield>
    <subfield code="l">24</subfield>
    <subfield code="m">3</subfield>
    <subfield code="o">541.3 ATK</subfield>
    <subfield code="p">005888</subfield>
    <subfield code="r">2026-03-26 09:33:49</subfield>
    <subfield code="s">2026-03-03</subfield>
    <subfield code="w">2015-05-23</subfield>
    <subfield code="y">BK</subfield>
  </datafield>
  <datafield tag="952" ind1=" " ind2=" ">
    <subfield code="0">0</subfield>
    <subfield code="1">0</subfield>
    <subfield code="7">0</subfield>
    <subfield code="8">NFIC</subfield>
    <subfield code="a">IC</subfield>
    <subfield code="b">IC</subfield>
    <subfield code="c">GEN</subfield>
    <subfield code="d">2015-05-23</subfield>
    <subfield code="g">2900.00</subfield>
    <subfield code="l">26</subfield>
    <subfield code="m">2</subfield>
    <subfield code="o">541.3 ATK</subfield>
    <subfield code="p">006693</subfield>
    <subfield code="r">2026-03-24 11:56:25</subfield>
    <subfield code="s">2026-03-03</subfield>
    <subfield code="w">2015-05-23</subfield>
    <subfield code="y">BK</subfield>
  </datafield>
  <datafield tag="952" ind1=" " ind2=" ">
    <subfield code="0">0</subfield>
    <subfield code="1">0</subfield>
    <subfield code="7">0</subfield>
    <subfield code="8">NFIC</subfield>
    <subfield code="a">IC</subfield>
    <subfield code="b">IC</subfield>
    <subfield code="c">GEN</subfield>
    <subfield code="d">2015-05-23</subfield>
    <subfield code="g">2900.00</subfield>
    <subfield code="l">15</subfield>
    <subfield code="o">541.3 ATK</subfield>
    <subfield code="p">005853</subfield>
    <subfield code="r">2026-05-02 04:30:31</subfield>
    <subfield code="s">2026-03-15</subfield>
    <subfield code="w">2015-05-23</subfield>
    <subfield code="y">BK</subfield>
  </datafield>
  <datafield tag="952" ind1=" " ind2=" ">
    <subfield code="0">0</subfield>
    <subfield code="1">0</subfield>
    <subfield code="7">0</subfield>
    <subfield code="8">NFIC</subfield>
    <subfield code="a">IC</subfield>
    <subfield code="b">IC</subfield>
    <subfield code="c">GEN</subfield>
    <subfield code="d">2015-10-03</subfield>
    <subfield code="g">2900.00</subfield>
    <subfield code="l">20</subfield>
    <subfield code="m">1</subfield>
    <subfield code="o">541.3 ATK</subfield>
    <subfield code="p">006963</subfield>
    <subfield code="r">2026-05-27 08:45:46</subfield>
    <subfield code="s">2026-05-09</subfield>
    <subfield code="w">2015-10-03</subfield>
    <subfield code="y">BK</subfield>
  </datafield>
</record>
